Geography Quiz

Random Geography or State Quiz

State Quiz: Michigan Stats

 Plays Quiz Updated Jun 28, 2018

Challenge
Share
Tweet
Embed
Score 0/38 Timer 10:00
1 Play Today
Hint Answer % Correct
Great LakeLake Michigan
95%
Big Ten SchoolMichigan
94.4%
Largest CityDetroit
93.8%
Great LakeLake Superior
91.5%
Bordering StateOhio
91.1%
Great LakeLake Erie
91.1%
CapitalLansing
90.1%
Bordering StateIndiana
89.8%
Great LakeLake Huron
89.6%
Bordering StateWisconsin
89.5%
Indigenous PeoplesAlgonquian & Iroquois
88.1%
NFL TeamDetroit Lions
85.5%
Bordering Canadian ProvinceOntario
85.4%
MLB TeamDetroit Tigers
83.3%
NBA TeamDetroit Pistons
82.9%
NHL TeamDetroit Red Wings
81.2%
Big Ten SchoolMichigan State
78.6%
# State to Enter Union26th
72.3%
Lowest Point (571 ft.)Lake Erie
72.2%
Hint Answer % Correct
President Raised in MichiganGerald Ford
68.6%
Number of Electoral Votes17
68.2%
Population RankTenth
67.7%
Nation First Colonized ByFrance
67.2%
2nd Largest CityGrand Rapids
59.4%
Time ZonesEastern & Central
57.6%
Year Entered Union1837
53.4%
DemonymMichigander
49%
State NicknameGreat Lakes State
45%
State BirdAmerican robin
38.1%
State AnimalWhite-tailed deer
26.3%
Current GovernorGretchen Whitmer (D)
26.1%
US SenatorDebbie Stabenow (D)
23.2%
3rd Largest CityWarren
22.9%
State StonePetoskey stone
20.5%
US SenatorGary Peters (D)
16.8%
Year First Settlers Arrived1668
15.1%
State MottoIf you seek a pleasant peninsula, look about you
13.2%
Highest Point (1,979 ft.)Mount Arvon
8.4%

You're not logged in!

Compare scores with friends on all Sporcle quizzes.
OR
Log In

You Might Also Like...

Show Comments

Extras

Top Quizzes Today


Score Distribution

Your Account Isn't Verified!

In order to create a playlist on Sporcle, you need to verify the email address you used during registration. Go to your Sporcle Settings to finish the process.

Report this User

Report this user for behavior that violates our Community Guidelines.

Details: